00646nam a2200181Ia 4500008004100000020001800041050002000059082001900079100002000098245004300118260002200161300002000183650004300203942000700246952009700253952009700350999001700447120905s9999 xx 000 0 und d a968-18-4180-8 aQC23 H5618 2005 a530 H611c 2005 aHewitt, Paul G. aConceptos de Fìsica / Paul G. Hewitt aMèxico : Limusa a682 p. / 19 cm. a1.- FISICA-ESTUDIO Y ENSEÑANZAÌÌ cLB 00104070a13b13d2010-07-15l0oQC23 H5618 2005p13 000164r2012-09-05t1w2012-09-05yLB 00104070a13b13d2010-07-15l0oQC23 H5618 2005p13 000165r2012-09-05t2w2012-09-05yLB c83843d83843